| 000 | 00439nam a2200181Ia 4500 | ||
|---|---|---|---|
| 001 | 2051 | ||
| 005 | 20260306143814.0 | ||
| 008 | 260306t2012||||xx |||||||||||||| ||spa|| | ||
| 041 | _aESP | ||
| 082 |
_a611.8 _bF55 |
||
| 100 |
_aFitzgerald, M. J. Turlough _eAUT |
||
| 245 | 0 | _aNeuroanatomía clínica y neurociencia | |
| 260 | _c2012 | ||
| 300 |
_a418 páginas : _c28 cm. |
||
| 650 | _aGEN | ||
| 654 | _aCPS | ||
| 942 |
_cLIB _dJUS _fJUS _2ddc _n |
||
| 999 |
_c2051 _d2051 |
||